000 00671cam a2200229 04500
001 43431
090 _a43431
100 _a19950817d192 m y0pory5003 ba
101 1 _apor
102 _aPT
200 1 _aFábulas
_eescolhidas
_fLa Fontaine
_ged. org. por Matias Lima
210 9 _aPorto
_cLivraria Chardron , de Lélo & Irmão,
_d[19--?]
215 _a188 p.
_cil.
_d16 cm
225 2 _aLusitânia
_v48
304 _aTít. orig.: Fables
675 _a821.133.1-342"16"
_vBN
_zpor
675 _a821.133.1-93"16"
_vBN
_zpor
675 _a087.5
_vBN
_zpor
700 1 _aLa Fontaine,
_bJean de,
_f1621-1695
702 1 _aLima,
_bMatias,
_f1885-1970
_4340
801 0 _aPT
_bBN
_gRPC
990 _cLIVROS